000 00388nam a22001697a 4500
005 20230605182241.0
008 230605b |||||||| |||| 00| 0 eng d
020 _a9788120328778
082 _a621.382
_bKAN-S
100 _aKano:Kanaan
245 _aSemiconductor Devices
260 _aIndia
_c2010
300 _a480
650 _aEngineering
700 _aKanaan Kano
999 _c18580
_d18580